La Voz de la caridad : periódico dedicado á la beneficencia periódico dedicado á la beneficencia
Descripción Física:
34 cm
MARC
| LEADER | 00000nam a2200000Ia 4500 | ||
|---|---|---|---|
| 008 | 160829s1870 xx 000 0 cat d | ||
| 080 | |a RF-13-54 | ||
| 245 | |a La Voz de la caridad : |b periódico dedicado á la beneficencia | ||
| 260 | |a Madrid : |b Minuesa, |c 1870 | ||
| 300 | |a 34 cm | ||
| 590 | |a Quinzenal. | ||
| 590 | |a Descripció basada en: Año II, núm. 34 (7 jul. 1862). | ||
| 590 | |a Prové de 777, exp. 5, peça 67. | ||
| 590 | |a En mal estat de conservació | ||
| 650 | 0 | |a Serveis socials |v Revistes |9 47986 | |
| 650 | |a Beneficència |x Revistes |9 47987 | ||
| 650 | |a Presons |x Revistes |9 47988 | ||
| 866 | |a Any 2, 1862 (34) | ||
| 901 | |a Arxiu | ||
| 942 | |n 1 |2 udc | ||
| 952 | |0 0 |1 0 |4 0 |6 RF1354 |7 1 |9 54256 |a Arxiu |b Arxiu |d 2016-12-01 |l 0 |o RF-13-54 |r 2016-12-01 00:00:00 |w 2016-12-01 |y ARXIU | ||
| 999 | |c 58125 |d 58125 | ||
| 900 | |a bib_1862_baixa.pdf | ||